00741cam a22002177a 4500003000500000005001700005008004100022010001000063011001000073035001000083040000900093100003400102245014500136260004100281300001000322502010100332650002400433650002100457650003200478650001300510CHAP20220329142310.0000524d2000 mx r 00110 spa d a81257 a82229 a92717 cCHAP00aBarbosa Rodríguez, Gustavo.10aDeterminación de coeficientes de difusión de humedad de la madera de dos especies del género Quercusc/por Gustavo Barbosa Rodríguez aChapingo, Méx. :bEl autor,c2000. a89 h. aTesis (Ing. Forestal con Orientación en Industrias) -- UACH. División de Ciencias Forestales14aMaderaxEstructura.14aMaderaxHumedad.14aMaderaxPropiedades y usos.14aQuercus.